000 00568nam a2200169 i 4500
001 83425
003 ES-MaACL
005 20230906174826.0
007 t|
008 041116s1945 sp ||||1| spa d
100 1 _aIribas de Miguel, Jesús.
_965461
245 1 0 _aNociones de Geometría analítica /
_cJesús Iribas de Miguel y José Juan Vila Rodríguez.
260 _aMadrid :
_b[s.n.,
_c1945] (
_eDossat :
_fImp. Clásica Española)
300 _a490 p. :
_bil. ;
_c24 cm.
700 1 _aVila Rodríguez, José Juan.
_9114734
852 _aES-MaACL
_jB-10728
_bR.22230
999 _c83425
_d83425